000 01412nam2a22002651 4500
001 RU\NLR\INFOCOMM31\5000089630
005 20250617031329.0
035 _a(NLR Aleph) 002408639
090 _a1804138
_c1804138
100 _a20050119d1970 |||y0rusy50 ca
101 0 _arus
102 _aRU
105 _ay ||||000|y
200 1 _aЧисленный метод построения контура крылового профиля по заданному распределению скоростей на его поверхности
_fГ.А. Павловец, Н.Д. Самознаев
210 _d1970
_aБ. м.
461 0 _1001RU\NLR\INFOCOMM31\5000085815
_12001#$aТруды ЦАГИ$fЦентр. аэрогидродинам. ин-т им. проф. Н.Е. Жуковского$vВып.1271
_93998286
_aЦентральный аэрогидродинамический институт им. Н. Е. Жуковского (Москва)
_cМ.
_d1923 -
_fЦентр. аэрогидродинам. ин-т им. проф. Н.Е. Жуковского
_nИзд-во Бюро новой техники НКАП
_tТруды ЦАГИ
_x2588-0098
_vВып.1271
700 1 _aПавловец
_bГ.А.
_4070
701 1 _aСамознаев
_bН.Д.
_4070
801 1 _aRU
_bInfoComm
_c20050127
801 0 _aRU
_bNLR
_gPSBO
852 _aNLR
_jП11/665
942 _cISSUE
980 _aNB
980 _aRUSPER